Run down private sector housing examined (Record no. 71754)

MARC details
000 -LEADER
fixed length control field 01208cam a2200205 4500
001 - CONTROL NUMBER
control field WB3846-10
008 - FIXED-LENGTH DATA ELEMENTS--GENERAL INFORMATION
fixed length control field 021212n2002 000 0 eng u
035 ## - SYSTEM CONTROL NUMBER
System control number (Sirsi) u120752
245 ## - TITLE STATEMENT
Title Run down private sector housing examined
260 ## - PUBLICATION, DISTRIBUTION, ETC.
Date of publication, distribution, etc. 2002
490 ## - SERIES STATEMENT
Series statement RICS Residential Faculty News
Volume/sequential designation 11 December 2002, (1)
520 ## - SUMMARY, ETC.
Summary, etc. The Office of the Deputy Prime Minister has published 'Addressing the needs of run down private sector housing'' which is a final report and good practice guide on the problems of neighbourhoods with run down private sector housing. The full report is based on a major study undertaken by DTZ Pieda Consulting in response to growing recognition particularly in the north and the midlands of the need for significant action to tackle the problems of run down private sector housing as a major element of responding to low demand. For the RICS Residential Faculty News Release: http://www.rics.org/ricscms/bin/show?class=News&template=/includes/shownews.html&id=4417
590 ## - LOCAL NOTE (RLIN)
Local note WB
650 ## - SUBJECT ADDED ENTRY--TOPICAL TERM
Topical term or geographic name entry element PRIVATE SECTOR HOUSING
650 ## - SUBJECT ADDED ENTRY--TOPICAL TERM
Topical term or geographic name entry element STRATEGY
650 ## - SUBJECT ADDED ENTRY--TOPICAL TERM
Topical term or geographic name entry element GOOD PRACTICE GUIDE
650 ## - SUBJECT ADDED ENTRY--TOPICAL TERM
Topical term or geographic name entry element OBSOLETE PROPERTY
690 ## - LOCAL SUBJECT ADDED ENTRY--TOPICAL TERM (OCLC, RLIN)
Topical term or geographic name as entry element HOUSING-PRIVATE RENTED SECTOR
942 ## - ADDED ENTRY ELEMENTS (KOHA)
Suppress in OPAC 0
Holdings
Withdrawn status Lost status Source of classification or shelving scheme Damaged status Not for loan Home library Current library Shelving location Date acquired Total Checkouts Full call number Barcode Date last seen Copy number Price effective from Koha item type
    Dewey Decimal Classification     London London News article 12/12/2002   WB3846-10 120752-1001 06/08/2019 1 06/08/2019 News article